00433nam a22001097a 4500008004100000040005500041080001600096245012300112260006200235300001300297650001300310230410b |||||||| |||| 00| 0 eng d aNational Science LibrarycNational Science Library a338.924bL5 aGuidelines for industries: bHandbook of industrial policy and procedures and annual guidelines for industries 1975-76 aNew Delhi: bDepartment of Industrial Development, c1975 ax, 284p. aHandbook